| 000 | 00912nam a2200277 i 4500 | ||
|---|---|---|---|
| 001 | 184313 | ||
| 003 | ES-MaACL | ||
| 005 | 20231119140303.0 | ||
| 008 | 150617s1997 sp ad |||| | spa d | ||
| 020 | _a84-305-8171-5 | ||
| 080 | _a159.95.072 | ||
| 100 | 1 |
_aAzzopardi, Gilles. _9157057 |
|
| 245 | 1 | 0 |
_a500 tests para aumentar su inteligencia / _cGilles Azzopardi. |
| 260 |
_a[Girona] : _bTikal, _c[1997?] |
||
| 300 |
_a445 p. : _bil., gráf. ; _c21 cm. |
||
| 490 | 1 |
_aEl gran libro de_ ; _v1 |
|
| 650 |
_aTests de inteligencia. _917519 |
||
| 740 | 0 | _aTests para aumentar su inteligencia. | |
| 830 | 0 |
_aEl gran libro de_ ; _v1 _9225061 |
|
| 852 |
_aES-MaACL _jA-13555 _9191309 _bR.150391 _cDEPO1 _dOlim: N-6555 _hDonación: Roberto Terán |
||
| 903 |
_9234544 _aTerán Martínez, Roberto |
||
| 942 |
_2udc _cMONOGRAFIA |
||
| 999 |
_c184313 _d184313 |
||